| 000 | 00868nam a22001817a 4500 | ||
|---|---|---|---|
| 999 |
_c60344 _d60344 |
||
| 003 | Ge_BSU | ||
| 005 | 20230630125942.0 | ||
| 008 | 230630s1987 ge ||||| |||| 00| 0 geo d | ||
| 041 | _ageo | ||
| 080 | _a792(=353.1) ნ-67 | ||
| 245 |
_aსანდრო ახმეტელი : _b[ალბომი] / _cშემდგ. კოტე ნინიკაშვილი; რედ. მანანა ახმეტელი. |
||
| 264 |
_aთბილისი : _bსაქ. თეატრ. საზ-ბა, _c1987. |
||
| 300 |
_a79 გვ. : _bილ. ; _c20 სმ. |
||
| 653 | _aქართველი რეჟისორები -- ახმეტელი, სანდრო | ||
| 653 | _aქართული თეატრი | ||
| 700 |
_aახმეტელი, მანანა _eრედაქტორი _919112 |
||
| 942 |
_2udc _cBK |
||